000 00671nam a2200241 a 4500
005 20210219153206.0
008 991125n 000 0 eng u
035 _aUPN01000083367
100 _aSkouteris, H.
222 _aCHILD DEVELOPMENT
245 _aIntegration of sequential information for shape perception by infants : a developmental study
300 _a1164-1176
362 _a1992 63, no. 5
653 0 _aDIFERENCIAS DE EDAD
653 0 _aESTIMULO VISUAL
653 0 _aINFANTES
653 0 _aPERCEPCION PROFUNDA
653 0 _aSPATIAL ABILITY
700 _aMckenzie, B. E.
700 _aDay, R. H.
904 _aAC
_b021178
905 _aArticulo
999 _c70657
_d70657